Sphacele salviae, un recurso de medicina tradicional chilena poco conocido (Registro nro. 14258)

Detalles MARC
000 -CABECERA
Campo de control 005120000a22001450004500
090 ## - CLASIFICACIÓN LOCAL
Colección AS
Consecutivo Seriadas
041 0# - IDIOMA
Código de idioma para texto/pista de sonido o título separado
100 1# - ASIENTO PRINCIPAL--NOMBRE PERSONAL
Nombre personal Peña, Raúl C.
245 10 - MENCION DE TITULO
Título Sphacele salviae, un recurso de medicina tradicional chilena poco conocido
700 1# - ASIENTO SECUNDARIO - NOMBRE PERSONAL
Nombre personal Montenegro, Gloria
700 1# - ASIENTO SECUNDARIO - NOMBRE PERSONAL
Nombre personal Iturriaga, Liliana
700 1# - ASIENTO SECUNDARIO - NOMBRE PERSONAL
Nombre personal Timmermann, Barbara N.
773 1# - Item fuente:
Título Revista de la Academia Colombiana de Ciencias Exactas, Fisicas y Naturales
Especificación de materiales 32
Descripción física 91
Paginas del Articulo 193-199
Lugar, editorial y fecha de publicación 2000
Información sobre la relación 24
942 ## - ELEMENTOS ADICIONALES (KOHA)
Tipo de ítem Artículo

No hay ítems disponibles.